000 00616nam a22002177a 4500
005 20140306114237.0
010 _aENG-108695
020 _c275.00
_a9789380722283
035 _aEN-92228
037 _bDBAD/PUB
082 _a332.042
100 _aAgrawal, M.D.
245 _aInternational trade and finance /
_cby M.D. Agrawal, Gopal Singh [and] O.P. Gupta
250 _a2nd rev. ed
260 _aJaipur
_bAjmera Book
_c2013
270 _aTripolia Bazar
_bJaipur
_e302002
300 _a568p.
_c23cm(pbk)
700 _aGopal Singh
700 _aGupta, O.P.
942 _2ddc
_cEN
_mAGR
_h332.042
999 _c80954
_d80954